LEADER 00913nam a2200205 i 4500 001 000000223259 003 CaOOAMICUS 005 20131008000000.0 008 131008s1792 xx u000 u fre u 013 $a202156 026 $alaix i-me I.e. drco (3) 1792 (R) 040 $aSeMil$bita 240 10$aContenant La suite de L'esprit des lois, depuis le livre XXII, jusques & compris le livre XXIX.$0(OLS)http://semarc/title/320168 245 10$aTome 3. 300 $aXXIV, 440 p. 500 $aSegn. : a12 A10 B-S12 T6. 773 0 $aMontesquieu, Charles de Secondat $tOeuvres de monsieur De Montesqieu.$dA Lyon : Chez Bruyset frères, 1792.$bNouvelle édition, revue, corrigée & considérablement augmentée par l'auteur.$g3$w()11801 850 $aSeMil 852 $aSeMil$W1$xVenegono$y1$m2P I 87 FA$j173605$B173605$CSeMilBibl$Z2$F183946 $8I 996 $6245$aTome 3$9(OLS)http://semarc/title/1575 LEADER 00879nam a2200181 i 4500 001 000000225435 003 CaOOAMICUS 005 20131204000000.0 008 131204s1759 xx u000 u lat u 013 $a204337 040 $aSeMil$bita 245 10$a2. 300 $a[4] p., P. 373-995, [1]. 500 $aSegn. : pigreco2 3B-6K. 773 0 $aAugustinus, Aurelius $tSancti Aurelii Augustini Hipponensis episcopi Confessionum libri tredecim vario commentariorum genere illustrati ab aemulorum obtrectatorum vel datis, vel dandis seu conviciis seu censuris, seu ... opera et studio fr. Archangeli a Praesentatione.$dFlorentiae : Ex Typographio Petri Caietani Viviani, ad insigne Iani, 1757-1759.$g2$w()10875 850 $aSeMil 852 $aSeMil$W1$xVenegono$y1$m2P VI 51 FA$j175781$B175781$CSeMilBibl$Z2$F186218 $8I 996 $6245$a2$9(OLS)http://semarc/title/46889